Desarrollo de los programas de control para las llamadas entrantes y salientes de un central telefónica digital privada tipo PABX
Αποθηκεύτηκε σε:
| Κύριος συγγραφέας: | |
|---|---|
| Μορφή: | Βιβλίο |
| Έκδοση: |
San José, Costa Rica
1992
|
| Θέματα: | |
| Ετικέτες: |
Προσθήκη ετικέτας
Δεν υπάρχουν, Καταχωρήστε ετικέτα πρώτοι!
|
MARC
| LEADER | 00000nam a2200000Ia 4500 | ||
|---|---|---|---|
| 003 | 005496 | ||
| 005 | 20221231144322.0 | ||
| 008 | 140114s1992 cr a m 000 ||s d | ||
| 040 | |c cru CEDI | ||
| 090 | |a TFG 2628 | ||
| 100 | |a Coto Barboza, Hernán A |9 12410 | ||
| 245 | |a Desarrollo de los programas de control para las llamadas entrantes y salientes de un central telefónica digital privada tipo PABX | ||
| 260 | |c 1992 |a San José, Costa Rica | ||
| 300 | |a xiv, 50, 77 hojas : ilustraciones, diagramas ; 28 cm. | ||
| 500 | |a Tesis (licenciatura en ingeniería eléctrica)--Universidad de Costa Rica. Facultad de Ingeniería. Escuela de Ingeniería Eléctrica | ||
| 650 | |x CENTRALES TELEFONICAS - SISTEMAS DE COMUNICACION |9 12411 | ||
| 942 | |c TFG | ||
| 999 | |c 20087 |d 20087 | ||
